Statistics for NBA 2K24 Best Players By Height

Click here to take the quiz!

General Stats

  • This quiz has been taken 974 times
    (438 since last reset)
  • The average score is 11 of 19

Answer Stats

HintOVRAnswer% Correct
6'9"96LeBron James
92%
6'2"96Stephen Curry
90%
6'11"98Nikola Jokić
88%
7'0"96Giannis Antetokounmpo
86%
7'0"96Joel Embiid
84%
6'10"96Kevin Durant
77%
6'7"95Luka Dončić
70%
7'3" and above86Kristaps Porzingis
63%
6'8"95Jayson Tatum
59%
6'5"94Devin Booker
55%
6'0"85Chris Paul
54%
6'6"93Shai Gilgeous-Alexander
49%
6'1"92Donovan Mitchell
45%
6'7"95Jimmy Butler
44%
7'2"77Bol Bol
40%
7'1"87Domantas Sabonis
30%
6'4"88Anthony Edwards
27%
6'3"88De'Aaron Fox
27%
6'4"88Jamal Murray
19%

Score Distribution

Percentile by Number Answered

Percent of People with Each Score

Your Score History

You have not taken this quiz since the last reset